Research methodology / (Record no. 9466)

MARC details
000 -LEADER
fixed length control field 00650 a2200205 4500
010 ## - LIBRARY OF CONGRESS CONTROL NUMBER
LC control number ENG-88900
020 ## - INTERNATIONAL STANDARD BOOK NUMBER
Terms of availability 500.00
International Standard Book Number 9788189239541
035 ## - SYSTEM CONTROL NUMBER
System control number EN-72433
037 ## - SOURCE OF ACQUISITION
Source of stock number/acquisition DBAD / PUB
082 14 - DEWEY DECIMAL CLASSIFICATION NUMBER
Classification number 001.42
090 ## - LOCALLY ASSIGNED LC-TYPE CALL NUMBER (OCLC); LOCAL CALL NUMBER (OCLC)
-- 9641
-- 9641
100 1# - MAIN ENTRY--PERSONAL NAME
Personal name Narula, Sanjay
245 1# - TITLE STATEMENT
Title Research methodology /
Statement of responsibility, etc by Sanjay Narula
260 ## - PUBLICATION, DISTRIBUTION, ETC. (IMPRINT)
Place of publication, distribution, etc New Delhi
Name of publisher, distributor, etc Murari Lal & Sons
Date of publication, distribution, etc 2007
270 ## - ADDRESS
Address 4378/4B, Ansari Road, Darya Ganj,
City New Delhi
Postal code 110 002
300 ## - PHYSICAL DESCRIPTION
Extent v, 248p. :
Dimensions 22cm (Hb)
500 ## - GENERAL NOTE
General note Includes index
942 ## - ADDED ENTRY ELEMENTS (KOHA)
Institution code [OBSOLETE] dpl
Koha item type English Books
Call number prefix 001.42 / NAR
Holdings
Withdrawn status Lost status Source of classification or shelving scheme Damaged status Not for loan Collection code Home library Current library Source of acquisition Cost, normal purchase price Total Checkouts Full call number Barcode Date last seen Copy number Uniform Resource Identifier Cost, replacement price Price effective from Koha item type
    Dewey Decimal Classification   Not For Loan Non-fiction D.B.Act.Division D.B.Act.Division DBAD/PUB 500.00   001.42 EN-72433 15/09/2008 1 10450 500.00 15/09/2008 English Books

© Delhi Public Library
Hit Counter
free hit counter